MARC

LEADER 00000nam0a2200000 4500
001 336912
005 20231102004911.0
035 |a (RuTPU)RU\TPU\book\363373 
035 |a RU\TPU\book\363368 
090 |a 336912 
100 |a 20171026d1980 k y0rusy50 ca 
101 0 |a rus 
102 |a RU 
105 |a a z 001zy 
200 1 |a Исследование технологии бурения скважин и процесса кернообразования  |e сборник научных трудов  |f Всесоюзный научно-исследовательский институт методики и техники разведки (ВИТР) ; науч. ред. Г. А. Блинов 
210 |a Ленинград  |c Изд-во ВИТР  |d 1980 
215 |a 80 с.  |c ил. 
225 1 |a Методика и техника разведки  |v № 133 
320 |a Библиогр. в конце работ 
606 1 |a Буровое дело  |2 stltpush  |3 (RuTPU)RU\TPU\subj\30514  |9 53616 
610 1 |a скважины 
610 1 |a бурение 
610 1 |a керн 
610 1 |a кернообразование 
610 1 |a технология 
610 1 |a горные породы 
610 1 |a классификация 
610 1 |a гидроударники 
610 1 |a вращательно-ударное бурение 
610 1 |a бурильные колонны 
610 1 |a колебания 
610 1 |a оптимизация 
610 1 |a промывочные жидкости 
610 1 |a алмазное бурение 
610 1 |a пена 
610 1 |a движение 
610 1 |a горизонтальное бурение 
610 1 |a породоразрушающие инструменты 
610 1 |a алмазные коронки 
610 1 |a заточка 
675 |a 622.24  |v 4 
702 1 |a Пономарев  |b П. П.  |4 340 
712 0 2 |a Всесоюзный научно-исследовательский институт методики и техники разведки (ВИТР)  |2 stltpush  |3 (RuTPU)RU\TPU\col\6027 
801 1 |a RU  |b 63413507  |c 20170515 
801 2 |a RU  |b 63413507  |c 20171026  |g RCR 
942 |c BK